Quantitative analysis / (Record no. 191)
[ view plain ]
| 000 -LEADER | |
|---|---|
| fixed length control field | 01142nam a22003135i 4500 |
| 003 - CONTROL NUMBER IDENTIFIER | |
| control field | EG-CaNGU |
| 005 - DATE AND TIME OF LATEST TRANSACTION | |
| control field | 20240115115810.0 |
| 008 - FIXED-LENGTH DATA ELEMENTS--GENERAL INFORMATION | |
| fixed length control field | 210818r20051994ii a f b 001 0 eng d |
| 020 ## - INTERNATIONAL STANDARD BOOK NUMBER | |
| International Standard Book Number | 9788123902937 |
| 020 ## - INTERNATIONAL STANDARD BOOK NUMBER | |
| International Standard Book Number | 812390293X |
| 040 ## - CATALOGING SOURCE | |
| Transcribing agency | EG-CaNGU |
| Original cataloging agency | EG-CaNGU |
| Language of cataloging | eng |
| Modifying agency | EG-CaNGU |
| Description conventions | rda |
| 041 ## - LANGUAGE CODE | |
| Language code of text/sound track or separate title | eng |
| Language code of original | rus |
| 082 04 - DEWEY DECIMAL CLASSIFICATION NUMBER | |
| Classification number | 545 |
| Item number | ALQ |
| Edition number | 23 |
| 100 1# - MAIN ENTRY--PERSONAL NAME | |
| Personal name | Alekseev, Vladimir Nikolaevich, |
| Dates associated with a name | 1888-1958, |
| Relator term | author. |
| 9 (RLIN) | 3564 |
| 245 10 - TITLE STATEMENT | |
| Title | Quantitative analysis / |
| 250 ## - EDITION STATEMENT | |
| Edition statement | Student edition. |
| 250 ## - EDITION STATEMENT | |
| Edition statement | First Indian edition. |
| 250 ## - EDITION STATEMENT | |
| Edition statement | Reprinted edition. |
| 264 #1 - PRODUCTION, PUBLICATION, DISTRIBUTION, MANUFACTURE, AND COPYRIGHT NOTICE | |
| Place of production, publication, distribution, manufacture | New Delhi, India : |
| Name of producer, publisher, distributor, manufacturer | CBS Publisher & Distributors Pvt. Ltd, |
| Date of production, publication, distribution, manufacture, or copyright notice | 2005. |
| 300 ## - PHYSICAL DESCRIPTION | |
| Extent | 519 pages : |
| Other physical details | illustrations ; |
| Dimensions | 24 cm |
| 336 ## - CONTENT TYPE | |
| Content type term | text |
| Content type code | txt |
| Source | rdacontent |
| 337 ## - MEDIA TYPE | |
| Media type term | |
| Media type code | n |
| Source | rdamedia |
| 338 ## - CARRIER TYPE | |
| Carrier type term | volume |
| Carrier type code | nc |
| Source | rdacarrier |
| 500 ## - GENERAL NOTE | |
| General note | First Indian edition 1994, reprinted edition 2005. |
| 504 ## - BIBLIOGRAPHY, ETC. NOTE | |
| Bibliography, etc. note | Includes bibliographical references and index. |
| 546 ## - LANGUAGE NOTE | |
| Language note | Translated from Russian into English. |
| 650 #7 - SUBJECT ADDED ENTRY--TOPICAL TERM | |
| Topical term or geographic name entry element | Analytical chemistry |
| General subdivision | quantitative. |
| Source of heading or term | NGU-sh |
| 9 (RLIN) | 3565 |
| 700 1# - ADDED ENTRY--PERSONAL NAME | |
| Personal name | Uvarov, E. |
| Relator term | translator. |
| 9 (RLIN) | 56 |
| Withdrawn status | Lost status | Source of classification or shelving scheme | Damaged status | Not for loan | Collection code | Home library | Current library | Date acquired | Full call number | Barcode | Date last seen | Price effective from | Koha item type |
|---|---|---|---|---|---|---|---|---|---|---|---|---|---|
| Dewey Decimal Classification | Not For Loan | Pharmacy | Library C | Library A | 01/01/2017 | 545 ALQ | 1001242 | 08/13/2025 | 01/01/2017 | Book Non-borrowing |